000 00569nam a22001697a 4500
003 NUST
038 _aNusrat Nadeem
082 _a200
100 _aMemon, Rashida Ali
_930018
245 _aNetwork Tomography - Compressed Sensing Techniques for Traffic Matrix Estimation/
_cRashida Ali Memon,
264 _aKarachi;
_bPNEC NUST;
_c2021.
300 _a131,P;
_bill;
_c30,cm.
650 _aPhD-Electrical Engineering
_984162
700 _aSupervisor: Dr. Sameer Hashmat Qazi
_9124413
856 _uhttp://10.250.8.41:8080/xmlui/handle/123456789/34813
942 _2ddc
_cSC
999 _c610284
_d610284